Monitoreo de indicadores en la gestión pública : caso del Sistema de Monitoreo de Indicadores del Desarrollo, MIDE Jalisco /

Estudio que analiza la calidad del Sistema de Monitoreo de Indicadores del Desarrollo de Jalisco para medir los avances y cumplimiento de metas trazados por el gobierno de Jalisco en su Plan Estatal de Desarrollo 2012-2018.

Bewaard in:
Bibliografische gegevens
Hoofdauteur: Arroyo Garrido, Alejandro (autor)
Formaat: Thesis Boek
Taal:Spaans
Gepubliceerd in: Guadalajara, México : edición de autor, 2021
Onderwerpen:
Online toegang:Ver documento en línea
Tags: Voeg label toe
Geen labels, Wees de eerste die dit record labelt!

MARC

LEADER 00000nam^a2200000^a^4500
001 000448623
005 20251023000000.0
009 20260526145331.826
037 |a Acervo ITESO - Biblioteca 
041 |a ESP 
090 |a MPG. 130 
100 |a Arroyo Garrido, Alejandro  |e (autor) 
245 1 0 |a Monitoreo de indicadores en la gestión pública :  |b caso del Sistema de Monitoreo de Indicadores del Desarrollo, MIDE Jalisco /  |c A. Arroyo Garrido. 
264 1 |a Guadalajara, México :  |b edición de autor,  |c 2021 
300 |a 1 tesis electrónica en línea (113 p.) 
300 |a 1 recurso en línea 
336 |a datos para computadora  |b cod  |2 rdacontenido 
337 |a computadora  |b c  |2 rdamedio 
338 |a recurso en línea  |b cr  |2 rdasoporte 
502 |a ITESO Tesis de Maestría en Política y Gestión Pública 
520 |a Estudio que analiza la calidad del Sistema de Monitoreo de Indicadores del Desarrollo de Jalisco para medir los avances y cumplimiento de metas trazados por el gobierno de Jalisco en su Plan Estatal de Desarrollo 2012-2018. 
649 |a XX 
650 |a Desarrollo Económico-Social -  |z Jalisco -  |x Estadísticas 
650 |a Desarrollo Económico-Social -  |z México -  |x Estadísticas 
650 |a Políticas Públicas -  |z Jalisco 
650 |a Políticas Públicas -  |z México 
650 |a Administración Pública -  |z Jalisco -  |x Historia -  |y 2012-2018 
650 |a Administración Pública -  |z México -  |x Historia -  |y 2012-2018 
650 |a Política -  |z Jalisco -  |x Historia -  |y 2012-2018 
650 |a Política -  |z Jalisco -  |x Historia -  |y Siglo XXI 
650 |a Política -  |z México -  |x Historia -  |y 2012-2018 
650 |a Política -  |z México -  |x Historia -  |y Siglo XXI 
856 4 0 |u https://rei.iteso.mx/handle/11117/6542  |y Ver documento en línea 
910 |a Fondo General 
920 |a Electrónicos - Tesis del ITESO en Línea 
930 |a Repositorio Institucional 
905 |a 201 
901 |a 448623-1  |b IT2  |c ETI  |u 20250521 
902 |a https://opac.biblio.iteso.mx/vufind/Record/000448623